Zahraničná energetická politika EÚ v kontexte zahraničných vzťahov s krajinami Euro-stredomorského partnerstva bakalárska práca

Saved in:
Bibliographic Details
Main Author: Lučeničová, Kristína
Corporate Author: Obchodná fakulta EU. Katedra medzinárodného obchodu
Other Authors: Kosír, Igor
Format: Book
Language:Slovak
Published: Bratislava 2009
Tags: Add Tag
No Tags, Be the first to tag this record!

MARC

LEADER 00000nam$a2200000$$$4500
001 0103575
005 20240318133951.7
041 0 |a slo 
044 |a SK 
245 1 0 |a Zahraničná energetická politika EÚ v kontexte zahraničných vzťahov s krajinami Euro-stredomorského partnerstva  |b bakalárska práca  |c Kristína Lučeničová ; škol. Igor Kosír 
264 1 |a Bratislava  |c 2009 
300 |a 62 s. 
100 1 |a Lučeničová, Kristína 
700 1 |a Kosír, Igor 
710 2 |a Obchodná fakulta EU. Katedra medzinárodného obchodu